| Record ID | marc_records_scriblio_net/part21.dat:58409263:922 |
| Source | Scriblio |
| Download Link | /show-records/marc_records_scriblio_net/part21.dat:58409263:922?format=raw |
LEADER: 00922cam 2200241 a 4500
001 90002428 //r91
003 DLC
005 19911121120032.2
008 900703s1991 ilua 00010 eng
010 $a 90002428 //r91
020 $a0809241692 (paper) :$c$7.67
040 $aDLC$cDLC$dDLC
050 00 $aPE1128$b.B673 1990
082 00 $a428.2/4/02465$220
100 10 $aBrems, Marianne.
245 10 $aContemporary's Working in English :$bbeginning language skills for the world of work, book 2 /$cMarianne Brems ; senior editor, Julie Landau ; consultants, Fiona Armstrong, Kathleen Santopietro, Catherine Porter.
260 0 $aChicago :$bContemporary Books,$cc1991.
300 $a181 p. :$bill. ;$c28 cm.
650 0 $aEnglish language$xTextbooks for foreign speakers.
650 0 $aEnglish language$xBusiness English.
650 0 $aWork$xProblems, exercises, etc.
650 0 $aReaders$xWork.
740 01 $aWorking in English.